000 00397nam a22001457a 4500
005 20170530114727.0
008 170530b xxu||||| |||| 00| 0 eng d
020 _a978-0-07-058718-2
041 _aeng
100 _aBALAKRISHNAN, V.K.
_93865
245 _aSCHAUM'S OUTLINE OF THEORY AND PROBLEMS OF GRAPH THEORY
260 _aNEW DELHI
_bMC GRAW HILL EDUCATION
_c1997
300 _a293
942 _cBK
999 _c5461
_d5459